000 01183cam a22001814a 4500
005 20250605163418.0
008 250528s ||||||||||||||||||||||||d
035 _a18601
020 _a887374239
040 _aGR-AtMCL
_bgre
_dGR-AtMCL
_eAACR2
245 1 _aAssociate Degree Nursing and the Nursing Home
260 _bNational League For Nursing,
_c1988
300 _a212
520 _aThe Politics and Economics and Demographics of Health Care and Aging, The Nursing Home Role: Present Realities and Future Responsibilities, Clinical Learning Environment: Realities Versus Creativity, Clinical Learning Environments in Long-Term Care Today and Tomorrow, Facultu and Student and Caregiver Attitudes Towards the Aged, Blueprints for Partnership - Shaping Competency Development: High Tech versus High Touch, Changing Student Interest and Attitudes Preaching versus Teaching, Competency Development: High Tech versus High Touch, The Nursing Home and the ADN Curriculum: Employer-Educator Issues, Faculty and Professional Staff Development - Security versus Change, Nonprofessional Staffe Development: Carrots, Appendix.
942 _cBK
999 _c3950
_d3950